UBT Library

The history of sexuality / (Record no. 40731)

000 -LEADER
fixed length control field 00666cam a2200229 i 4500
001 - CONTROL NUMBER
control field 3698507
005 - DATE AND TIME OF LATEST TRANSACTION
control field 20180123041416.0
008 - FIXED-LENGTH DATA ELEMENTS--GENERAL INFORMATION
fixed length control field 790522m19889999nyu b 001 0 eng
010 ## - LIBRARY OF CONGRESS CONTROL NUMBER
LC control number 79007460
020 ## - INTERNATIONAL STANDARD BOOK NUMBER
International Standard Book Number 0394751221 (v. 2)
040 ## - CATALOGING SOURCE
Original cataloging agency DLC
Transcribing agency DLC
Modifying agency DLC
041 1# - LANGUAGE CODE
Language code of text/sound track or separate title engfre
080 ## - UNIVERSAL DECIMAL CLASSIFICATION NUMBER
Universal Decimal Classification number 306.7 FOU
082 00 - DEWEY DECIMAL CLASSIFICATION NUMBER
Classification number 306.7 FOU
Edition number 19
100 1# - Rafti
Rafti 50
101 ## - Shkurtesa
Shkurtesa SOC
240 10 - UNIFORM TITLE
Uniform title <a href="Histoire de la sexualité.">Histoire de la sexualité.</a>
Language of a work English
245 14 - TITLE STATEMENT
Title The history of sexuality /
Statement of responsibility, etc by Michel Foucault ; translated from the French by Robert Hurley.
504 ## - BIBLIOGRAPHY, ETC. NOTE
Bibliography, etc Includes bibliographies and indexes.
906 ## - LOCAL DATA ELEMENT F, LDF (RLIN)
a 7
b cbc
c orignew
d 1
e ocip
f 19
g y-gencatlg
942 ## - ADDED ENTRY ELEMENTS (KOHA)
Source of classification or shelving scheme
Item type Books
Holdings
Withdrawn status Lost status Source of classification or shelving scheme Damaged status Not for loan Collection code Permanent location Current location Shelving location Date acquired Total Checkouts Full call number Barcode Date last seen Price effective from Koha item type
          Koleksioni i përgjithshem UBT - Lipjan UBT - Lipjan Koleksioni i përgjithshem 01/23/2018   306.7 FOU 002-2996111 01/23/2018 01/23/2018 Books
UBT Library © 2015-2024. All rights reserved University Education for Business and Technology